پیامِ مشرق : (Record no. 106876)

MARC details
000 -LEADER
fixed length control field 00891nam a22002537a 4500
005 - DATE AND TIME OF LATEST TRANSACTION
control field 20170123162318.0
010 ## - LIBRARY OF CONGRESS CONTROL NUMBER
LC control number 954489
020 ## - INTERNATIONAL STANDARD BOOK NUMBER
Terms of availability 60.00
035 ## - SYSTEM CONTROL NUMBER
System control number 954489
037 ## - SOURCE OF ACQUISITION
Source of stock number/acquisition Cen Lib/Ret
040 ## - CATALOGING SOURCE
Original cataloging agency DPL
Language of cataloging UR
082 ## - DEWEY DECIMAL CLASSIFICATION NUMBER
Classification number 841.08
Item number ا ق ب
100 ## - MAIN ENTRY--PERSONAL NAME
Personal name یوسف سلیم چشتی
9 (RLIN) 115810
245 ## - TITLE STATEMENT
Title پیامِ مشرق :
Statement of responsibility, etc یوسف سلیم چشتی
Remainder of title علّاما اقبال مح شرح /
246 ## - VARYING FORM OF TITLE
Title proper/short title Payam-e-mashrik : Allama iqbal Masharh /
Remainder of title by yusuf Saleem Chishti
260 ## - PUBLICATION, DISTRIBUTION, ETC. (IMPRINT)
Place of publication, distribution, etc دہلی
Name of publisher, distributor, etc اعتقاد پبلشنگ ہاؤس
Date of publication, distribution, etc 1979
270 ## - ADDRESS
City دہلی
Address گلی کوٹنا سویی والا
Postal code 110002
300 ## - PHYSICAL DESCRIPTION
Extent 672p.
Dimensions 21cm(Hb)
650 ## - SUBJECT ADDED ENTRY--TOPICAL TERM
Topical term or geographic name as entry element اردو ادب
9 (RLIN) 115811
650 ## - SUBJECT ADDED ENTRY--TOPICAL TERM
Topical term or geographic name as entry element اردو سوانے عمری
9 (RLIN) 115812
650 ## - SUBJECT ADDED ENTRY--TOPICAL TERM
Topical term or geographic name as entry element Urdu literature
9 (RLIN) 115813
650 ## - SUBJECT ADDED ENTRY--TOPICAL TERM
Topical term or geographic name as entry element Urdu biography
9 (RLIN) 511
942 ## - ADDED ENTRY ELEMENTS (KOHA)
Source of classification or shelving scheme Dewey Decimal Classification
Koha item type Urdu Bks
Classification part 841.08
Call number suffix ا ق ب
Holdings
Withdrawn status Lost status Damaged status Not for loan Home library Current library Date acquired Source of acquisition Cost, normal purchase price Total Checkouts Full call number Barcode Date last seen Copy number Cost, replacement price Price effective from Koha item type
        Central Library Central Library 30/12/2015 Cen Lib/Ret 60.00   841.08 ا ق ب 954489 30/12/2015 1 60.00 30/12/2015 Urdu Bks

© Delhi Public Library
Hit Counter
free hit counter